<?xml version="1.0" encoding="UTF-8"?><?xml-stylesheet type="text/xsl" href="static/style.xsl"?><OAI-PMH xmlns="http://www.openarchives.org/OAI/2.0/" xmlns:xsi="http://www.w3.org/2001/XMLSchema-instance" xsi:schemaLocation="http://www.openarchives.org/OAI/2.0/ http://www.openarchives.org/OAI/2.0/OAI-PMH.xsd"><responseDate>2026-04-13T01:05:43Z</responseDate><request verb="GetRecord" identifier="oai:www.recercat.cat:11351/13909" metadataPrefix="marc">https://recercat.cat/oai/request</request><GetRecord><record><header><identifier>oai:recercat.cat:11351/13909</identifier><datestamp>2025-10-24T02:03:14Z</datestamp><setSpec>com_2072_378070</setSpec><setSpec>com_2072_378040</setSpec><setSpec>col_2072_378092</setSpec></header><metadata><record xmlns="http://www.loc.gov/MARC21/slim" xmlns:dcterms="http://purl.org/dc/terms/" xmlns:xsi="http://www.w3.org/2001/XMLSchema-instance" xmlns:doc="http://www.lyncode.com/xoai" xsi:schemaLocation="http://www.loc.gov/MARC21/slim http://www.loc.gov/standards/marcxml/schema/MARC21slim.xsd">
   <leader>00925njm 22002777a 4500</leader>
   <datafield ind2=" " ind1=" " tag="042">
      <subfield code="a">dc</subfield>
   </datafield>
   <datafield ind2=" " ind1=" " tag="720">
      <subfield code="a">He, Jianxing</subfield>
      <subfield code="e">author</subfield>
   </datafield>
   <datafield ind2=" " ind1=" " tag="720">
      <subfield code="a">Tsuboi, Masahiro</subfield>
      <subfield code="e">author</subfield>
   </datafield>
   <datafield ind2=" " ind1=" " tag="720">
      <subfield code="a">Weder, Walter</subfield>
      <subfield code="e">author</subfield>
   </datafield>
   <datafield ind2=" " ind1=" " tag="720">
      <subfield code="a">Chen, Keneng</subfield>
      <subfield code="e">author</subfield>
   </datafield>
   <datafield ind2=" " ind1=" " tag="720">
      <subfield code="a">Hochmair, Maximilian</subfield>
      <subfield code="e">author</subfield>
   </datafield>
   <datafield ind2=" " ind1=" " tag="720">
      <subfield code="a">Shih, Jin-Yuan</subfield>
      <subfield code="e">author</subfield>
   </datafield>
   <datafield ind2=" " ind1=" " tag="720">
      <subfield code="a">MARTINEZ-MARTI, ALEX</subfield>
      <subfield code="e">author</subfield>
   </datafield>
   <datafield ind2=" " ind1=" " tag="260">
      <subfield code="c">2025-10-22T09:28:36Z</subfield>
   </datafield>
   <datafield ind2=" " ind1=" " tag="260">
      <subfield code="c">2025-10-22T09:28:36Z</subfield>
   </datafield>
   <datafield ind2=" " ind1=" " tag="260">
      <subfield code="c">2025-09-10</subfield>
   </datafield>
   <datafield ind2=" " ind1=" " tag="520">
      <subfield code="a">Neoadjuvant; Resectable; Non-small cell lung cancer</subfield>
   </datafield>
   <datafield ind2=" " ind1=" " tag="520">
      <subfield code="a">Neoadyuvante; Resecable; Cáncer de pulmón de células no pequeñas</subfield>
   </datafield>
   <datafield ind2=" " ind1=" " tag="520">
      <subfield code="a">Neoadjuvant; Resecable; Càncer de pulmó de cèl·lules no petites</subfield>
   </datafield>
   <datafield ind2=" " ind1=" " tag="520">
      <subfield code="a">Purpose: Adjuvant osimertinib is the standard of care for patients with resected epidermal growth factor receptor (EGFR)-mutated non-small cell lung cancer (NSCLC). Neoadjuvant treatment could improve surgical and long-term outcomes.&#xd;
Methods: In this randomized, controlled, phase III study, patients with resectable, EGFR-mutated, stage II-IIIB NSCLC were randomly assigned (1:1:1) to receive neoadjuvant osimertinib (80 mg orally once daily for ≥9 weeks) plus platinum-based chemotherapy (once every 3 weeks for three cycles), osimertinib monotherapy (for ≥9 weeks), or placebo plus platinum-based chemotherapy (control), followed by surgical resection. Adjuvant osimertinib was offered to eligible patients after completion of surgery. The primary end point was major pathologic response (MPR) by blinded central pathology review. Event-free survival (EFS) was a secondary end point.&#xd;
Results: Overall, 358 patients were randomly assigned to receive osimertinib plus chemotherapy (121 patients), osimertinib monotherapy (117 patients), or placebo plus chemotherapy (120 patients). Osimertinib plus chemotherapy (MPR rate 26%) and osimertinib monotherapy (25%) demonstrated statistically significant improvement in the MPR rate versus placebo plus chemotherapy (2%), with corresponding odds ratios of 19.82 (95.002% CI, 4.60 to 85.33; P &lt; .0001) and 19.28 (99.9% CI, 1.71 to 217.39; P &lt; .0001), respectively. With 15% data maturity, the EFS rates at 12 months were 93%, 95%, and 83% with osimertinib plus chemotherapy, osimertinib monotherapy, and placebo plus chemotherapy, respectively. In the neoadjuvant period, grade ≥3 adverse events of any cause occurred in 36%, 13%, and 33% of patients with osimertinib plus chemotherapy, osimertinib monotherapy, and placebo plus chemotherapy, respectively. No new safety concerns were identified.&#xd;
Conclusion: Neoadjuvant osimertinib with or without chemotherapy demonstrated statistically significant improvement in the MPR rate over chemotherapy alone in patients with resectable, EGFR-mutated, stage II-IIIB NSCLC.&#xd;
Trial registration: ClinicalTrials.gov NCT04351555.</subfield>
   </datafield>
   <datafield ind2=" " ind1=" " tag="520">
      <subfield code="a">J.E.C. acknowledges the support of the National Institutes of Health (NIH) through the P30 grant (NCI Cancer Center Support Grant P30 CA008784 PI Vickers). The authors acknowledge Aaron Korpal, PhD, of Ashfield MedComms, an Inizio company, for medical writing support that was funded by AstraZeneca in accordance with Good Publications Practice (GPP) guidelines (https://www.ismpp.org/gpp-2022). A complete list of the NeoADAURA trial investigators is provided in the Appendix (online only).</subfield>
   </datafield>
   <datafield tag="653" ind2=" " ind1=" ">
      <subfield code="a">Pulmons - Càncer - Tractament</subfield>
   </datafield>
   <datafield tag="653" ind2=" " ind1=" ">
      <subfield code="a">Quimioteràpia combinada</subfield>
   </datafield>
   <datafield tag="653" ind2=" " ind1=" ">
      <subfield code="a">Anomalies cromosòmiques</subfield>
   </datafield>
   <datafield tag="653" ind2=" " ind1=" ">
      <subfield code="a">Medicaments antineoplàstics - Ús terapèutic</subfield>
   </datafield>
   <datafield tag="653" ind2=" " ind1=" ">
      <subfield code="a">ANALYTICAL, DIAGNOSTIC AND THERAPEUTIC TECHNIQUES, AND EQUIPMENT::Therapeutics::Therapeutics::Drug Therapy::Antineoplastic Protocols::Therapeutics::Drug Therapy::Antineoplastic Combined Chemotherapy Protocols</subfield>
   </datafield>
   <datafield tag="653" ind2=" " ind1=" ">
      <subfield code="a">PHENOMENA AND PROCESSES::Genetic Phenomena::Genetic Variation::Mutation</subfield>
   </datafield>
   <datafield tag="653" ind2=" " ind1=" ">
      <subfield code="a">ANALYTICAL, DIAGNOSTIC AND THERAPEUTIC TECHNIQUES, AND EQUIPMENT::Therapeutics::Combined Modality Therapy::Neoadjuvant Therapy</subfield>
   </datafield>
   <datafield tag="653" ind2=" " ind1=" ">
      <subfield code="a">DISEASES::Neoplasms::Neoplasms by Site::Thoracic Neoplasms::Respiratory Tract Neoplasms::Lung Neoplasms::Bronchial Neoplasms::Carcinoma, Bronchogenic::Carcinoma, Non-Small-Cell Lung</subfield>
   </datafield>
   <datafield tag="653" ind2=" " ind1=" ">
      <subfield code="a">Other subheadings::Other subheadings::Other subheadings::/drug therapy</subfield>
   </datafield>
   <datafield tag="653" ind2=" " ind1=" ">
      <subfield code="a">TÉCNICAS Y EQUIPOS ANALÍTICOS, DIAGNÓSTICOS Y TERAPÉUTICOS::terapéutica::terapéutica::farmacoterapia::protocolos antineoplásicos::terapéutica::farmacoterapia::protocolos de quimioterapia antineoplásica combinada</subfield>
   </datafield>
   <datafield tag="653" ind2=" " ind1=" ">
      <subfield code="a">FENÓMENOS Y PROCESOS::fenómenos genéticos::variación genética::mutación</subfield>
   </datafield>
   <datafield tag="653" ind2=" " ind1=" ">
      <subfield code="a">TÉCNICAS Y EQUIPOS ANALÍTICOS, DIAGNÓSTICOS Y TERAPÉUTICOS::terapéutica::tratamiento combinado::tratamiento neoadyuvante</subfield>
   </datafield>
   <datafield tag="653" ind2=" " ind1=" ">
      <subfield code="a">ENFERMEDADES::neoplasias::neoplasias por localización::neoplasias torácicas::neoplasias del tracto respiratorio::neoplasias pulmonares::neoplasias de los bronquios::carcinoma broncogénico::carcinoma de pulmón de células no pequeñas</subfield>
   </datafield>
   <datafield tag="653" ind2=" " ind1=" ">
      <subfield code="a">Otros calificadores::Otros calificadores::Otros calificadores::/farmacoterapia</subfield>
   </datafield>
   <datafield ind2="0" ind1="0" tag="245">
      <subfield code="a">Neoadjuvant Osimertinib for Resectable EGFR-Mutated Non–Small Cell Lung Cancer</subfield>
   </datafield>
</record></metadata></record></GetRecord></OAI-PMH>